000 03205ngm a2200493 4500
003 dpl
005 20080723110517.0
007 DVD
008 ||||||sp199 xxu|||||c|||| 00| 0 eng d
010 _aDVD-000930-932 & DVD-005456-5460
024 _a22080
_c499.00 , 299.00 (Revised Price)
035 _aDVD-000930-932
035 _aDVD-005456-5460
040 _aDPL
_cDPL
082 _aDVD / PLAN
245 _aPlanet of the Apes
_c20th Century Fox Presents
_h[videorecording] DVD/
250 _aSpecial Edition
260 _b20th Century Fox Home Entertainment
300 _a2 videodisc DVD; (120 min.) :
_bsd., col. ;
_c4 3/4 in.
_fDVD
440 _a20th Centyry Fox Home Entertainment
500 _aSole Distributor in India M/s. Excel Productions Autio Visuals Pvt. Ltd.
500 _aThis DVD is Copy Protected
538 _aDolby Digital 5.1-English Subtitles: English,Cantonese, Mandarin, Thai
538 _aAspect Ratio: 2.35:1, Presentation type: Full Frame, Presentation Size 4x3, Format DVD 9 Dual Layer Single Sided Disc.
650 _aMothin Picture
700 _aWahlberg, Mark
700 _aRoth, Tim
700 _aBonham Carter, Helena
700 _aClarke Duncan, Michael
700 _aKristofeeson, Kris
700 _aWarren, Estella
700 _aGamatti, Paul
942 _cCF
_2ddc
_hDVD
_mPLAN
999 _c16736
_d16736